MARC details
| 000 -LEADER |
| fixed length control field |
01798cam a2200517 a 4500 |
| 001 - CONTROL NUMBER |
| control field |
21306 |
| 003 - CONTROL NUMBER IDENTIFIER |
| control field |
VRT |
| 005 - DATE AND TIME OF LATEST TRANSACTION |
| control field |
20260226121841.0 |
| 008 - FIXED-LENGTH DATA ELEMENTS--GENERAL INFORMATION |
| fixed length control field |
240315 2012 xo a a 000 1 slo |
| 015 ## - NATIONAL BIBLIOGRAPHY NUMBER |
| National bibliography number |
SNBA2012/07-03765 |
| 020 ## - INTERNATIONAL STANDARD BOOK NUMBER |
| International Standard Book Number |
9788080896171 |
| Qualifying information |
(brož.) |
| 035 ## - SYSTEM CONTROL NUMBER |
| System control number |
4482B7B5-E746-4448-B3F8-A5ACFA06DCC6 |
| 035 ## - SYSTEM CONTROL NUMBER |
| System control number |
urn:nbn:sk:snk-amjy16 |
| 035 ## - SYSTEM CONTROL NUMBER |
| System control number |
urn:nbn:sk:snk-am007xvj |
| 039 #9 - LEVEL OF BIBLIOGRAPHIC CONTROL AND CODING DETAIL [OBSOLETE] |
| Level of rules in bibliographic description |
202403151740 |
| Level of effort used to assign nonsubject heading access points |
VLOAD |
| Level of effort used to assign subject headings |
201511121727 |
| Level of effort used to assign classification |
VLOAD |
| Level of effort used to assign subject headings |
201507071650 |
| Level of effort used to assign classification |
VLOAD |
| Level of effort used to assign subject headings |
201401131156 |
| Level of effort used to assign classification |
mbpksh04 |
| 040 ## - CATALOGING SOURCE |
| Original cataloging agency |
TTKJF |
| Language of cataloging |
slo |
| Transcribing agency |
TTKJF |
| Description conventions |
AACR2 |
| 041 1# - LANGUAGE CODE |
| Language code of text/sound track or separate title |
slo |
| Language code of original |
cze |
| 044 ## - COUNTRY OF PUBLISHING/PRODUCING ENTITY CODE |
| MARC country code |
xo |
| ISO country code |
SK |
| 072 #7 - SUBJECT CATEGORY CODE |
| Subject category code |
821-93 |
| Subject category code subdivision |
Literatúra pre deti a mládež (beletria) |
| Source |
konspekt |
| 080 ## - UNIVERSAL DECIMAL CLASSIFICATION NUMBER |
| Universal Decimal Classification number |
821-93 |
| Edition identifier |
2001 |
| 080 ## - UNIVERSAL DECIMAL CLASSIFICATION NUMBER |
| Universal Decimal Classification number |
(0.025.2) |
| Edition identifier |
2001 |
| 100 1# - MAIN ENTRY--PERSONAL NAME |
| Personal name |
Quis, Josef, |
| Dates associated with a name |
1964- |
| Relationship |
aut |
| 245 10 - TITLE STATEMENT |
| Title |
Usilovný bágrik |
| Statement of responsibility, etc. |
ilustroval Josef Quis ; [text Hana Janoušková ; preklad Tatiana Floreková] |
| 250 ## - EDITION STATEMENT |
| Edition statement |
1. vyd. |
| 260 ## - PUBLICATION, DISTRIBUTION, ETC. |
| Place of publication, distribution, etc. |
Bratislava |
| Name of publisher, distributor, etc. |
Fragment |
| Date of publication, distribution, etc. |
2012 |
| 300 ## - PHYSICAL DESCRIPTION |
| Extent |
[9] s. |
| Other physical details |
fareb. ilustr. |
| Dimensions |
28 cm |
| 490 1# - SERIES STATEMENT |
| Series statement |
Čítanie pre radosť a poučenie |
| 500 ## - GENERAL NOTE |
| General note |
Kartónové listy |
| 500 ## - GENERAL NOTE |
| General note |
Názov z obalu |
| 500 ## - GENERAL NOTE |
| General note |
Vytlačené naprieč |
| 521 1# - TARGET AUDIENCE NOTE |
| Target audience note |
Pre deti od 2 rokov |
| 655 #7 - INDEX TERM--GENRE/FORM |
| Genre/form data or focus term |
leporelá |
| Source of term |
SNKPH |
| 655 #7 - INDEX TERM--GENRE/FORM |
| Genre/form data or focus term |
Picture books for children |
| Source of term |
SNKPHeng |
| 655 #7 - INDEX TERM--GENRE/FORM |
| Genre/form data or focus term |
Children's literature |
| Source of term |
SNKPHeng |
| 655 #7 - INDEX TERM--GENRE/FORM |
| Genre/form data or focus term |
publikácie pre deti |
| Source of term |
SNKPH |
| 700 1# - ADDED ENTRY--PERSONAL NAME |
| Personal name |
Janoušková, Hana |
| Relationship |
aut |
| 700 1# - ADDED ENTRY--PERSONAL NAME |
| Personal name |
Floreková, Tatiana |
| Relationship |
trl |
| 830 #0 - SERIES ADDED ENTRY--UNIFORM TITLE |
| Uniform title |
Čítanie pre radosť a poučenie |
| 942 ## - ADDED ENTRY ELEMENTS (KOHA) |
| Source of classification or shelving scheme |
Dewey Decimal Classification |
| Koha item type |
Krásna literatúra pre deti |
| Suppress in OPAC |
No |
| 949 ## - LOCAL PROCESSING INFORMATION (OCLC) |
| 6 |
3869A13541 |
| a |
bpksh821-93 |
| b |
bpksh63338 |
| 949 ## - LOCAL PROCESSING INFORMATION (OCLC) |
| 6 |
17A1048599 |
| a |
snkSB 83414 |
| b |
snk2012/17104 |
| o |
1447/12 |
| s |
6100:20140925 |
| 949 ## - LOCAL PROCESSING INFORMATION (OCLC) |
| 6 |
17A1048600 |
| a |
snkSB 83414 D1 |
| b |
snk2012/17105 |
| o |
1447/12 |
| 949 ## - LOCAL PROCESSING INFORMATION (OCLC) |
| 6 |
2889181698 |
| a |
savukPV 16222 |
| b |
savuk2012/1614 |
| 980 ## - EQUIVALENCE OR CROSS-REFERENCE-SERIES STATEMENT--PERSONAL NAME/TITLE [LOCAL, CANADA] |
| Personal name |
087.5 |
| 980 ## - EQUIVALENCE OR CROSS-REFERENCE-SERIES STATEMENT--PERSONAL NAME/TITLE [LOCAL, CANADA] |
| Personal name |
(084) |